Reader's Digest Discovering the Wonders of Our World (Record no. 7063)

MARC details
000 -LEADER
fixed length control field 00472nam a2200169Ia 4500
003 - CONTROL NUMBER IDENTIFIER
control field GBCCL
005 - DATE AND TIME OF LATEST TRANSACTION
control field 20241126110618.0
008 - FIXED-LENGTH DATA ELEMENTS--GENERAL INFORMATION
fixed length control field 180706b ||||| |||| 00| 0 eng d
020 ## - INTERNATIONAL STANDARD BOOK NUMBER
International Standard Book Number 0276421086
040 ## - CATALOGING SOURCE
Transcribing agency GBC
082 ## - DEWEY DECIMAL CLASSIFICATION NUMBER
Classification number 030.9
Item number REA
245 ## - TITLE STATEMENT
Title Reader's Digest Discovering the Wonders of Our World
260 ## - PUBLICATION, DISTRIBUTION, ETC.
Date of publication, distribution, etc. 1993.
Place of publication, distribution, etc. London:
Name of publisher, distributor, etc. The Reader's Digest Association Ltd.,
300 ## - PHYSICAL DESCRIPTION
Extent 456p.
650 ## - SUBJECT ADDED ENTRY--TOPICAL TERM
Topical term or geographic name entry element Natural Discovery
Form subdivision Wilderness areas
9 (RLIN) 12506
942 ## - ADDED ENTRY ELEMENTS (KOHA)
Source of classification or shelving scheme Dewey Decimal Classification
Koha item type Reference Books
Holdings
Withdrawn status Lost status Source of classification or shelving scheme Damaged status Not for loan Home library Current Library Shelving location Date acquired Total checkouts Full call number Barcode Date last seen Copy number Price effective from Koha item type
    Dewey Decimal Classification     GRACE BIBLE COLLEGE GRACE BIBLE COLLEGE Encyclopedia 2018-07-06   030.9 REA 004837 2025-05-01 c.1 2018-07-06 Reference Books
© Grace Bible College Library 2025